000 00310 a2200109 4500
001 ART_19423
005 20260410161922.0
008 260409a
245 1 0 _aPractica Societaria
100 1 _aMascheroni, Fernando H.
773 0 _tLa información
_g- Tomo XLI, Nº 604 (abr. 1980)
_wREV14902
999 _c27785
_d27785